000 00814nam a2200253 a 4500
001 67996
003 BD-RjUL
005 20211209081723.0
008 700928s1968 nyua b 001 0 eng
035 _a(BD-RjUL)68205
040 _aDLC
_cDLC
_dDLC
_dBD-RjUL
_beng
041 _aeng
082 0 0 _223
_a153.7
_bREP 1968
100 1 _aReese, Hayne Waring,
_d1931-
_9201545
245 1 4 _aThe perception of stimulus relations :
_bdiscrimination learning and transposition /
_cHayne W. Reese.
260 _aNew York :
_bAcademic Press,
_c1968
300 _aix, 390 p. :
_bill. ;
_c24 cm.
490 0 _aThe Child psychology series
504 _aBibliography and index
650 0 _aPerception.
_9201546
650 0 _aDiscrimination learning.
_9201547
830 _aThe Child psychology series
_9201548
942 _2ddc
_cBK
999 _c67996
_d67996